Quel pays pour ces codes internationaux ? (5) - Statistiques

Statistiques générales
  • Ce quiz a été pris 56 fois
  • Le résultat moyen est 13 sur 20
Statistiques - réponses
Codes Pays % Correct
RJ / JP / JA / JPN / jp Japon
100%
FI / FIN / EF / OH / fi Finlande
90%
GBR / UK / G / EG / GB Royaume-Uni
90%
CYP / CY / 5C / LC / cy Chypre
86%
UR / UK / UA / Y6 / UKR Ukraine
86%
UB / 4K / AZE / AZ / AJ Azerbaïdjan
84%
CA / CAN / ca / CY / CZ Canada
82%
9G / DG / GH / GHA Ghana
76%
SY / GY / 8R / GUY Guyana
71%
A40 / OO / OM / MU / OMN Oman
71%
D2 / FN / AGO / ANG / AO Angola
67%
8P / BB / BDS / BRB / BAR Barbade
67%
IZ / IRQ / YI / OR / IQ Irak
65%
7Q / FW / MW / MI / MWI Malawi
63%
LJ / SI / S5 / SVN / si Slovénie
61%
NU / NIC / YN / MN / ni Nicaragua
49%
KR / KIR / PL / KI / T3 Kiribati
45%
WZ / SWZ / 3D / FD / SZ Eswatini
39%
P / ZK / KP / KN / PRK Corée-du-Nord
35%
BP / SLB / AG / H4 / SB Salomon
10%
Aucun quiz correspondant
Distribution des résultats
% des personnes avec chaque résultat
Percentile par nombre de réponses
Votre historique - résultats
Vous n’avez pas pris ce quiz